000 007550000a22001810004500
005 20240120120831.0
008 230817t1996 ||||| |||| 00| 0 eng d
082 _a305.42
_bINT
110 _aInternational Women's Rights Action Watch.
245 _a Assessing the status of women :
_ba guide to reporting under the Convention on the Elimination of All Forms of Discrimination against Women
250 _a2nd ed.
260 _aMinneapolis:
_bInternational Women's Rights Action Watch (IWRAW),
_c1996
260 _aLondon:
_bWomen's and youth affairs division, commonwealth secretariat,
_c1996
300 _a90 p. ; 28 cm
650 _aSex discrimination against women
710 _aWomen's and youth affairs division, commonwealth secretariat,
942 _cRP
999 _c72
_d72